| 000 | 00860nam a2200241 i 4500 | ||
|---|---|---|---|
| 003 | DO-SdBNP | ||
| 005 | 20250401102414.0 | ||
| 007 | ta | ||
| 008 | 240903b1966 ag a|||| |||| 00| 0 spa d | ||
| 040 |
_aDO-SdBNP _bspa _cBNPHU _erda |
||
| 082 | 4 |
_a972.93054 _bA656 _222 |
|
| 245 | 0 | 0 |
_a¡Aquí, Santo Domingo! : _bla tercera guerra sucia, con 22 grabados / _cCompilación, introducción y notas, Gregorio Selser |
| 264 | 1 |
_aBuenos Aires, Argentina : _bEditorial Palestra, _c1966. |
|
| 300 |
_a362 páginas : _bilustraciones ; _c19 cm. |
||
| 336 |
_atexto _btxt _2rdacontent |
||
| 337 |
_asin mediación _bn _2rdamedia |
||
| 338 |
_avolumen _bnc _2rdacarrier |
||
| 490 | _aVertientes de la libertad | ||
| 590 | _aInventariado, 2024/ YL | ||
| 700 | 1 |
_aSelser, Gregorio, _ecompilación, introducción y notas _4comp. _958573 |
|
| 910 | _aYLockward | ||
| 942 |
_2ddc _cLBS1 |
||
| 999 |
_c57615 _d57615 |
||